Les capitales d'Europe - Statistiques

Statistiques générales
  • Ce quiz a été pris 197 fois
  • Le résultat moyen est 33 sur 45
Réponses sur la Carte
Les réponses sont colorées sur une échelle allant du rouge au vert en fonction du pourcentage des utilisateurs qui les ont devinées à leur premier essai. Vous pouvez retrouver ces pourcentages ci-dessous.
 
Statistiques - réponses
Capitale % Correct
Madrid
100%
Paris
100%
Rome
99%
Berlin
98%
Bruxelles
98%
Londres
98%
Lisbonne
97%
Amsterdam
94%
Dublin
93%
Luxembourg
93%
Moscou
92%
Berne
90%
Athènes
88%
Oslo
88%
Vienne
86%
Copenhague
84%
Helsinki
84%
Kiev
84%
Budapest
82%
Stockholm
82%
Varsovie
82%
Bucarest
81%
Vatican
81%
Monaco
78%
Zagreb
74%
Saint-Marin
70%
Prague
69%
Sofia
69%
Andorre-La-Vieille
68%
Reykjavik
68%
Riga
62%
La Valette
61%
Minsk
60%
Sarajevo
57%
Vilnius
57%
Vaduz
53%
Bratislava
52%
Talinn
52%
Tirana
52%
Ljubljana
51%
Belgrade
50%
Chișinău
41%
Pristina
39%
Skopje
37%
Podgorica
36%
Aucun quiz correspondant
Distribution des résultats
% des personnes avec chaque résultat
Percentile par nombre de réponses
Votre historique - résultats
Vous n’avez pas pris ce quiz